The 92 + National League 25/26 Logos - Statistics

General Stats
  • This quiz has been taken 30 times
    25 since last reset
  • The average score is 95 of 164
Answer Stats
Picture Answer % Correct
Chelsea
100%
Arsenal
93%
Aston Villa
93%
Bristol Rovers
93%
Charlton
93%
Crystal Palace
93%
Everton
93%
Leeds
93%
Leicester
93%
Manchester City
93%
Millwall
93%
Newcastle
93%
Norwich
93%
Nottingham Forest
93%
Southampton
93%
Stoke
93%
Swansea
93%
Watford
93%
West Ham
93%
Birmingham
87%
Blackburn
87%
Brentford
87%
Brighton
87%
Burnley
87%
Cardiff
87%
Manchester United
87%
Middlesbrough
87%
Sheffield United
87%
Sheffield Wednesday
87%
Tottenham
87%
Wolverhampton Wanderers
87%
Wrexham
87%
AFC Bournemouth
80%
AFC Wimbledon
80%
Barnsley
80%
Bolton
80%
Bristol City
80%
Coventry
80%
Derby
80%
Exeter
80%
Forest Green Rovers
80%
Fulham
80%
Grimsby
80%
Huddersfield
80%
Hull
80%
Ipswich
80%
Lincoln
80%
Luton
80%
Northampton
80%
Oxford
80%
Plymouth
80%
Portsmouth
80%
Sunderland
80%
West Brom
80%
Blackpool
73%
Bradford
73%
Gillingham
73%
Liverpool
73%
Mansfield
73%
Milton Keynes Dons
73%
Notts County
73%
Preston North End
73%
Reading
73%
Scunthorpe
73%
Walsall
73%
Wycombe
73%
Accrington
67%
Carlisle
67%
Cheltenham
67%
Chesterfield
67%
Doncaster
67%
Morecambe
67%
Rotherham
67%
Salford
67%
Shrewsbury
67%
Stevenage
67%
Swindon
67%
Wigan
67%
York City
67%
Barnet
60%
Burton
60%
Cambridge
60%
Crewe
60%
Gateshead
60%
Harrogate
60%
Leyton Orient
60%
Newport
60%
Port Vale
60%
Queens Park Rangers
60%
Southend
60%
Bromley
53%
Colchester
53%
Fleetwood
53%
Hartlepool
53%
Oldham
53%
Rochdale
53%
Solihull Moors
53%
Tranmere
53%
Truro City
53%
Altrincham
47%
Barrow
47%
Crawley
47%
Hereford
47%
Peterborough
47%
South Shields
47%
Sutton
47%
Wealdstone
47%
Aldershot
40%
Bath City
40%
Boreham Wood
40%
Boston United
40%
Chelmsford
40%
Chorley
40%
Dagenham and Redbridge
40%
Dorking
40%
Eastleigh
40%
Kidderminster Harriers
40%
Maidstone
40%
Stockport
40%
Tamworth
40%
Torquay
40%
Weston-Super-Mare
40%
Yeovil
40%
AFC Flyde
33%
Braintree
33%
Darlington
33%
Ebbsfleet
33%
Halifax
33%
Macclesfield
33%
Maidenhead
33%
Peterborough Sports
33%
Woking
33%
Brackley
27%
Chester
27%
Dover
27%
Hemel Hempstead
27%
Horsham
27%
Scarborough
27%
Tonbridge Angels
27%
Worksop
27%
Worthing
27%
AFC Telford
20%
Alfreton
20%
Bedford
20%
Buxton
20%
Chesham
20%
Enfield
20%
Farnborough
20%
Hampton and Richmond Borough
20%
King's Lynn
20%
Leamington
20%
Marine
20%
Merthyr
20%
Spennymoor
20%
AFC Totton
13%
Chippenham
13%
Curzon Ashton
13%
Eastbourne Borough
13%
Hornchurch
13%
Oxford City
13%
Radcliffe
13%
Salisbury
13%
Slough
13%
Southport
13%
No matching quizzes found
Score Distribution
Percent of People with Each Score
Percentile by Number Answered
Your Score History
You have not taken this quiz since the last reset